Geography Quiz

Random Geography or State Quiz

10 to 1: US Cities III Quiz Stats

 Plays Quiz Updated Jun 26, 2017

Support Sporcle.
Go Orange.
Score 0/55 Timer 08:00
10 Plays Today
% Correct
Albany
97.5%
New York City
95.7%
Buffalo
94.6%
Chicago
92%
Syracuse
89.8%
Rochester
89.5%
Niagara Falls
89.2%
Nashville
88.2%
Yonkers
88.2%
Birmingham
88.1%
Baton Rouge
87.6%
Memphis
87.4%
Ithaca
87.2%
Springfield
87.1%
Montgomery
86.8%
New Orleans
86.5%
Albuquerque
85.7%
Little Rock
85.6%
Mobile
84.8%
Knoxville
84.6%
Santa Fe
84.5%
Green Bay
83.4%
Louisville
83.4%
Milwaukee
82.7%
Chattanooga
81.8%
Lexington
80.4%
Champaign
78.5%
Tuscaloosa
77.8%
% Correct
Joliet
75.4%
Bangor
75.3%
Shreveport
75.3%
Portland
73.4%
Aurora
73.3%
Rockford
72.9%
Schenectady
72.7%
Lafayette
72.5%
Bowling Green
72%
Selma
71.7%
Tuskegee
71.2%
Las Cruces
70.9%
Gulf Shores
69%
Gatlinburg
68.9%
Eau Claire
66.4%
Des Plaines
65.2%
Kenosha
64.9%
Naperville
63.9%
Sheboygan
61.2%
Saratoga Springs
60.8%
Lake Charles
59.9%
Pigeon Forge
56.2%
Bristol
50.1%
Paducah
47.1%
Orange Beach
38.5%
Zion
38%
New Iberia
34.9%

You're not logged in!

Compare scores with friends on all Sporcle quizzes.
OR
Log In
Forgot?

From the Vault

5 in 15: MCU Avengers Characters

by Doctor_Arzt

Added challenge: get 100% twice without reusing any of the same characters.
Remove Ads.
Support Sporcle.
Get the best of Sporcle when you Go Orange. This ad-free experience offers more features, more stats, and more fun while also helping to support Sporcle. Thank you for becoming a member.

Show Comments

Extras

Top Quizzes Today


Score Distribution

Your Account Isn't Verified!

In order to create a playlist on Sporcle, you need to verify the email address you used during registration. Go to your Sporcle Settings to finish the process.

Report this User

Report this user for behavior that violates our Community Guidelines.

Details: